000 00396nam a2200181Ia 4500
001 10954
005 20260306161910.0
008 260306t1968||||xx |||||||||||||| ||spa||
041 _aESP
082 _a985
_bB38 1968
100 _aBelaunde, Víctor Andrés
_eAUT
245 0 _aPeruanidad
260 _c1968
300 _a
_c
650 _aGEN
654 _aCHU
942 _cLIB
_dJUS
_fJUS
_2ddc
_n
999 _c10954
_d10954